[Event "POL-chT3 U19 Slaska"]
[Site "Slask"]
[Date "2007.05.20"]
[Round "10.30"]
[White "Graczyk, Natalia"]
[Black "Hernik, Magdalena"]
[Result "1-0"]
[WhiteElo "1600"]
[BlackElo "1250"]
[PlyCount "61"]
[EventDate "2007.01.27"]
[EventType "team-tourn"]
[EventRounds "11"]
[EventCountry "POL"]
[SourceTitle "EXT 2019"]
[Source "ChessBase"]
[SourceDate "2018.10.10"]
[SourceVersion "1"]
[SourceVersionDate "2018.10.10"]
[SourceQuality "1"]
[WhiteTeam "Czestochowa UKS Hetman U19 II"]
[BlackTeam "Cieszyn MUKS SZS U19"]
[WhiteTeamCountry "POL"]
[BlackTeamCountry "POL"]

1. e4 e5 2. Nf3 Nc6 3. Bb5 d6 4. h3 Bd7 5. Nc3 a6 6. Bxc6 Bxc6 7. d4 Qe7 8. d5 Bd7 9. Be3 c6 10. Qd3 c5 11. 0-0 Qf6 12. Ne2 Qg6 13. Ng3 Nf6 14. Nh4 Bb5 15. c4 Bxc4 16. Qxc4 b5 17. Qc2 Qxg3 18. fxg3 Be7 19. a4 bxa4 20. Qxa4+ Nd7 21. Nf5 Bf6 22. Qc6 0-0 23. Qxd7 Rad8 24. Qc6 Rc8 25. Qxd6 c4 26. Qxa6 Rb8 27. Qa7 Rxb2 28. Nh6+ gxh6 29. Rxf6 Re2 30. Bxh6 c3 31. Bxf8 1-0

[Event "POL-chT3 U19 Slaska"]
[Site "Slask"]
[Date "2007.01.27"]
[Round "1.24"]
[White "Ciesielska, Magdalena"]
[Black "Hernik, Magdalena"]
[Result "1-0"]
[WhiteElo "1600"]
[BlackElo "1250"]
[PlyCount "113"]
[EventDate "2007.01.27"]
[EventType "team-tourn"]
[EventRounds "11"]
[EventCountry "POL"]
[SourceTitle "EXT 2019"]
[Source "ChessBase"]
[SourceDate "2018.10.10"]
[SourceVersion "1"]
[SourceVersionDate "2018.10.10"]
[SourceQuality "1"]
[WhiteTeam "Katowice Hetman Szopienice U19"]
[BlackTeam "Cieszyn MUKS SZS U19"]
[WhiteTeamCountry "POL"]
[BlackTeamCountry "POL"]

1. e4 e5 2. Nf3 Nc6 3. d4 Bd6 4. d5 Nce7 5. Be2 h6 6. 0-0 Nf6 7. Nc3 0-0 8. Be3 c6 9. Qd2 cxd5 10. exd5 Nexd5 11. Nxd5 Nxd5 12. Qxd5 Qe7 13. Rad1 Bb8 14. Bc5 d6 15. Bxd6 Bxd6 16. Qxd6 Qe8 17. Qxe5 Bg4 18. Qxe8 Raxe8 19. Rfe1 Re7 20. h3 Bf5 21. Bd3 Rxe1+ 22. Rxe1 Bxd3 23. cxd3 Rd8 24. d4 b5 25. Re7 a5 26. Ra7 a4 27. Rb7 Rd5 28. Kf1 Kh7 29. Ke2 f6 30. Kd3 Rf5 31. Ke4 Rh5 32. Rc7 f5+ 33. Kf4 Kh8 34. h4 g5+ 35. hxg5 hxg5+ 36. Nxg5 Rh4+ 37. Ke3 f4+ 38. Kf3 b4 39. Rh7+ Rxh7 40. Nxh7 Kxh7 41. Kxf4 Kg7 42. Ke5 Kf7 43. f4 Ke7 44. g4 Kd7 45. g5 Kc6 46. g6 b3 47. a3 Kb5 48. g7 Kc4 49. g8Q+ Kd3 50. Qc8 Kd2 51. Qc3+ Kd1 52. d5 Ke2 53. d6 Kd1 54. d7 Ke2 55. d8R Kf2 56. Rd2+ Ke1 57. Qc1# 1-0